LEADER 01288cam0-22004451i-450- 001 990006803540403321 005 20050426124214.0 010 $a88-15-04615-1 035 $a000680354 035 $aFED01000680354 035 $a(Aleph)000680354FED01 035 $a000680354 100 $a20010426d1994----km-y0itay50------ba 101 1 $aita$cfre 102 $aIT 105 $ay-------001yy 200 1 $a<>forza del pregiudizio$esaggio sul razzismo e sull'antirazzismo$fPierre-André Taguieff 210 $aBologna$cil Mulino$d[1994] 215 $a646 p.$d21 cm 225 1 $aCollezione di testi e di studi$iSociologia 300 $aTrad. di Michele Canosa, Paola Cristalli 454 0$12001$a<>force du préjugé$1210$dc1987$945251 610 0 $aRazzismo 610 0 $aDiscriminazione razziale 610 0 $aAntirazzismo 676 $a305.8 676 $a15520 676 $a320.56 700 1$aTaguieff,$bPierre-André$f<1946- >$0375322 801 0$aIT$bUNINA$gRICA$2UNIMARC 901 $aBK 912 $a990006803540403321 952 $aIX A 839$b24517$fFSPBC 952 $a15520 TAG$b15368$fSES 952 $a305.8 TAG 1$b5239$fBFS 959 $aFSPBC 959 $aSES 959 $aBFS 996 $aForce du préjugé$945251 997 $aUNINA LEADER 01155nam--2200397---450- 001 990006157010203316 005 20160630102421.0 010 $a978-88-6657-639-6 035 $a000615701 035 $aUSA01000615701 035 $a(ALEPH)000615701USA01 035 $a000615701 100 $a20140324d2016----km-y0itay50------ba 101 $aita 102 $aIT 105 $a||||||||001yy 200 1 $aCodice penale ragionato$fRoberto Garofoli, Vincenzo Garofoli 205 $a3. ed. 210 $aRoma$cNel diritto$d2016 215 $aXV, 1453 p.$d25 cm 225 2 $aCodici ragionati 300 $aIn copertina: Editio minor 410 0$12001$aCodici ragionati 676 $a345.45 700 1$aGAROFOLI,$bRoberto$0415495 701 1$aGAROFOLI,$bVincenzo$0227740 801 0$aIT$bsalbc$gISBD 912 $a990006157010203316 951 $aXXVI.1.A. 289$b84031 G.$cXXVI.1.A.$d389849 959 $aBK 969 $aGIU 979 $aFIORELLA$b90$c20160630$lUSA01$h0936 979 $aFIORELLA$b90$c20160630$lUSA01$h0939 979 $aFIORELLA$b90$c20160630$lUSA01$h1024 996 $aCodice penale ragionato$91491563 997 $aUNISA